Most common last names of Spain Quiz Stats

 Plays Quiz not verified by Sporcle

Support Sporcle.
Go Orange.
Score 0/150 Timer 10:00
0 Plays Today
Answer % Correct
Garcia
95.1%
Garcia Garcia
95.1%
Lopez Garcia
95.1%
Perez Garcia
95.1%
Martinez Garcia
95.1%
Fernandez Garcia
95.1%
Gonzalez Garcia
95.1%
Sanchez Garcia
95.1%
Rodriguez Garcia
95.1%
Martin Garcia
95.1%
Lopez
91.5%
Lopez Lopez
91.5%
Garcia Lopez
91.5%
Perez Lopez
91.5%
Sanchez Lopez
91.5%
Martinez Lopez
91.5%
Rodriguez Lopez
91.5%
Fernandez Lopez
91.5%
Gonzalez Lopez
91.5%
Martin
86.6%
Martin Martin
86.6%
Martinez
85.4%
Martinez Martinez
85.4%
Garcia Martinez
85.4%
Lopez Martinez
85.4%
Perez Martinez
85.4%
Perez
84.1%
Fernandez
84.1%
Perez Perez
84.1%
Garcia Perez
84.1%
Fernandez Fernandez
84.1%
Garcia Fernandez
84.1%
Lopez Perez
84.1%
Gonzalez Perez
84.1%
Sanchez Perez
84.1%
Gonzalez Fernandez
84.1%
Lopez Fernandez
84.1%
Martinez Perez
84.1%
Rodriguez Perez
84.1%
Marti
84.1%
Rodriguez Fernandez
84.1%
Gomez Perez
84.1%
Sanchez
82.9%
Hernandez
82.9%
Sanchez Sanchez
82.9%
Garcia Sanchez
82.9%
Lopez Sanchez
82.9%
Perez Sanchez
82.9%
Martinez Sanchez
82.9%
Rodriguez
76.8%
Answer % Correct
Rodriguez Rodriguez
76.8%
Garcia rodriguez
76.8%
Perez Rodriguez
76.8%
Fernandez Rodriguez
76.8%
Gonzalez
74.4%
Gonzalez Gonzalez
74.4%
Garcia Gonzalez
74.4%
Perez Gonzalez
74.4%
Lopez Gonzalez
74.4%
Fernandez Gonzalez
74.4%
Gomez
65.9%
Gomez Gomez
65.9%
Garcia Gomez
65.9%
Perez Gomez
65.9%
Torres
50%
Ramos
47.6%
Diaz
45.1%
Jimenez
42.7%
Suarez
40.2%
Ramirez
40.2%
Alvarez
39%
Cruz
39%
Ruiz
34.1%
Ruiz Ruiz
34.1%
Moreno
32.9%
Dominguez
32.9%
Gutierrez
31.7%
Blanco
31.7%
Gonzales
29.3%
Alonso
28%
Santos
28%
Vazquez
26.8%
Castro
26.8%
Ortiz
26.8%
Castillo
26.8%
Iglesias
25.6%
Reyes
25.6%
Gimenez
25.6%
Nunez
24.4%
Marquez
23.2%
Munoz
22%
Flores
22%
Marin
22%
Vega
22%
Mora
22%
Delgado
20.7%
Ferrer
20.7%
Navarro
18.3%
Morales
18.3%
Cortes
18.3%
Answer % Correct
Rios
18.3%
Ortega
17.1%
Mendez
17.1%
Herrera
17.1%
Rivera
17.1%
Fuentes
15.9%
Romero
14.6%
Campos
14.6%
Rubio
14.6%
Serrano
13.4%
Molina
13.4%
Rojas
13.4%
Leon
12.2%
Diez
12.2%
Vidal
12.2%
Medina
11%
Pena
11%
Lorenzo
11%
Sanz
9.8%
Guerrero
9.8%
Santana
9.8%
Vargas
9.8%
Mendoza
9.8%
Cabrera
9.8%
Hidalgo
9.8%
Gil
8.5%
Luna
8.5%
Saez
8.5%
Calvo
8.5%
Gallego
8.5%
Cano
7.3%
Herrero
7.3%
Soto
7.3%
Gracia
7.3%
Robles
7.3%
Lozano
6.1%
Aguilar
6.1%
Prieto
6.1%
Guzman
6.1%
Pascual
6.1%
Carrasco
4.9%
Garrido
3.7%
Salazar
3.7%
Arias
2.4%
Montero
2.4%
Duran
2.4%
Garcia Martina
2.4%
Caballero
2.4%
Morrell
1.2%
Merino
0%

You're not logged in!

Compare scores with friends on all Sporcle quizzes.
OR
Log In

From the Vault

Shakespeare Quotes

by Erin

Shakespeare was a pretty wordy guy, but we can't hold it against him.
Remove Ads.
Support Sporcle.
Get the best of Sporcle when you Go Orange. This ad-free experience offers more features, more stats, and more fun while also helping to support Sporcle. Thank you for becoming a member.

Show Comments

Extras

Created Jan 13, 2016ReportNominate
Tags:common, last, Spain

Top Quizzes Today


Score Distribution

Your Account Isn't Verified!

In order to create a playlist on Sporcle, you need to verify the email address you used during registration. Go to your Sporcle Settings to finish the process.

Report this User

Report this user for behavior that violates our Community Guidelines.

Details: